Music Quiz

Random Music or Artist Quiz

Bands by T-Shirt Quiz Stats

 Plays Quiz Updated May 7, 2018

Score 0/20 Timer 05:00
9 Plays Today
Hint Answer % Correct
The Rolling Stones
95.7%
The Beatles
95.2%
KISS
94.1%
Pink Floyd
92%
Queen
79.7%
Nirvana
79.3%
Guns N' Roses
78.5%
Foo Fighters
70.2%
Red Hot Chili Peppers
68.8%
Ramones
67.3%
Hint Answer % Correct
AC/DC
67.1%
Led Zeppelin
56.1%
Grateful Dead
51%
Spinal Tap
46.6%
The Who
44.9%
Metallica
36.4%
ZZ Top
32.6%
Linkin Park
27.4%
Black Sabbath
17.4%
Rammstein
11.4%

You're not logged in!

Compare scores with friends on all Sporcle quizzes.
OR
Log In

Sporcle TV

Today on Sporcle TV


Watch our educational content, quiz creation guides, and fun videos on Sporcle TV.

Show Comments

Extras

Top Quizzes Today


Score Distribution

Your Account Isn't Verified!

In order to create a playlist on Sporcle, you need to verify the email address you used during registration. Go to your Sporcle Settings to finish the process.

Report this User

Report this user for behavior that violates our Community Guidelines.

Details: